00751nam a2200241 a 4500001001300000003000900013005001700022008004100039020002300080082001600103100003200119245003600151260003700187300000900224500003500233505002400268650002100292700003200313902000800345942000700353952013200360999001700492nice12345678IN_TiNIC20260116014524.0100308s2003 newa grp 000 0 eng  a9788124602362c19500a181.4bPRA2 aPrasad, Swami Muni Narayana aThe Philosophy of Narayana Guru aNew Delhi bDk Printworld c2003 a155p aincludes index and biblioraphy2 aBibliography, Index aPhilosophy-Hindu1 aPrasad, Swami Muni Narayana bSRS cBK 001040708StackRoom-aHMIbHMId2010-03-08g195.00l1m2o181.4 PRA2p023213r2018-08-16s2018-06-25v195.00w2010-03-08yBK c15765d15765